Movies Quiz

Random Movies or Box Office Quiz

Highest Grossing Movies (1995) Quiz Stats

 Plays Quiz Updated Jul 9, 2018

Challenge
Share
Tweet
Score 0/30 Timer 08:00
1 Play Today
% Correct
Toy Story
99.8%
Casper
94.7%
Pocahontas
92.4%
Jumanji
91.3%
Apollo 13
89.7%
Babe
86.9%
Braveheart
86.8%
Waterworld
79.4%
Die Hard: With a Vengeance
79.3%
Ace Ventura: When Nature Calls
79%
Se7en
78.6%
Bad Boys
74.9%
Batman Forever
70%
Father of the Bride Part II
60.7%
GoldenEye
60.4%
% Correct
Grumpier Old Men
60%
Mortal Kombat
53.3%
While You Were Sleeping
51.8%
Heat
48.8%
Outbreak
48.3%
Get Shorty
46.5%
Mr. Holland's Opus
43.8%
The Bridges of Madison County
42.7%
Dangerous Minds
42.4%
The American President
39.7%
Crimson Tide
36.5%
Congo
29%
Species
27.4%
Nine Months
26.4%
Waiting to Exhale
24.1%

You're not logged in!

Compare scores with friends on all Sporcle quizzes.
Join for Free
OR
Log In

You Might Also Like...

Show Comments

Extras

Top Quizzes Today


Score Distribution

Your Account Isn't Verified!

In order to create a playlist on Sporcle, you need to verify the email address you used during registration. Go to your Sporcle Settings to finish the process.

Report this User

Report this user for behavior that violates our Community Guidelines.

Details: